00390pab a2200133 454500008004000000100002700040245008500067260000900152300001600161362000800177650001800185700001800203773003500221180718b2008 xxu||||| |||| 00| 0 eng d aQureshi, Mahvash Saeed aDistributional consequences of globalisation: empirical evidence from panel data c2008 ap.1424-449. aNov aGlobalization aWan, Guanghua aJournal of Development Studies